Представление документа в формате MARC21

Поле Инд. ПП Название Значение
Тип записи a
Библиографический уровень m
001 Контрольный номер c94241166b074550a515440a6c482f91
005 Дата корректировки 20260303180042.9
040 a Служба первич. каталог. DE
b Код языка каталог. rus
e Правила каталог. PSBO
041 0_ a Код языка текста eng
080 a Индекс УДК 004.056.5
084 a Индекс другой классификации/Индекс ББК 32.972.5
090 a Полочн. индекс 681.3
x Авторский знак D15
097 b Оператор 03
100 1_ a Автор Dai Junyi
245 10 a Заглавие Software Module For Protection of Information From a Leakage Via Acoustic Channels
b Продолж. заглавия дисс. на соиск. степени магистра : 7-06-0611-02
c Ответственность науч. рук. О. В. Зелманский
260 a Место издания Минск
c Дата издания 2025
b Издательство БГУИР
300 a Объем 59 с.
e Сопроводительные материалы Автореферат
510 0_ a Примечание о ссылках Диссертации и авторефераты диссертаций
653 0_ a Ключевые слова защита информации; акустические каналы; шумы; утечка информации
856 40 u URL https://libeldoc.bsuir.by/bitstream/123456789/62062/1/Dai%20Junyi_Avtoreferat.pdf
901 t Тип документа d